000 00338nam a22001337a 4500
008 181105b xxu||||| |||| 00| 0 eng d
020 _a9781931945165
041 _aeng
080 _a338
100 _a54
101 _aMAN
245 _aBy The Seat Of yOUR pANTS tHE no Nonsensse Business Management
_cGegax,T
942 _2udc
_cBK
999 _c51873
_d51873